书目信息 |
| 题名: |
秘密花园
|
|
| 作者: | 伯内特 著 ;谭旭东 主编 | |
| 分册: | ||
| 出版信息: | 长春 吉林人民出版社 2017 |
|
| 页数: | 118页 | |
| 开本: | 21cm | |
| 丛书名: | ||
| 单 册: | ||
| 中图分类: | I712.84 | |
| 科图分类: | ||
| 主题词: | 儿童文学--长篇小说--美国--近代 | |
| 电子资源: | ||
| ISBN: | 978-7-206-13424-1 | |
| 000 | 00755nam0 2200229 450 | |
| 001 | 5271 | |
| 005 | 20180528184242.11 | |
| 010 | @a978-7-206-13424-1@dCNY19.90 | |
| 100 | @a20180217d2017 cemy0chiy50 ea | |
| 101 | 1 | @achi@ceng |
| 102 | @aCN@b220000 | |
| 105 | @aa z 000ay | |
| 200 | 1 | @a秘密花园@9mi mi hua yuan@f(美)弗朗西丝·霍奇森·伯内特著@g谭旭东主编 |
| 210 | @a长春@c吉林人民出版社@d2017 | |
| 215 | @a118页@c彩图@d21cm | |
| 300 | @a小豆子彩书坊 世界儿童文学名著 彩绘本 | |
| 606 | 0 | @a儿童文学@x长篇小说@y美国@z近代 |
| 690 | @aI712.84@v5 | |
| 701 | 0 | @c(美)@a伯内特@9bo nei te@c(女,Burnett, Frances Hodgson@f1849-1924)@4著 |
| 702 | 0 | @a谭旭东@9tan xu dong@f(1969-)@4主编 |
| 801 | 0 | @aCN@b91MARC@c20180217 |
| 905 | @aMuseLib@dI712.84@e1075 | |
| 秘密花园/(美)弗朗西丝·霍奇森·伯内特著/谭旭东主编.-长春:吉林人民出版社,2017 |
| 118页:彩图;21cm |
| 小豆子彩书坊 世界儿童文学名著 彩绘本 |
| ISBN 978-7-206-13424-1:CNY19.90 |
| ● |
| 相关链接 |
|
|
|
|
正题名:秘密花园
索取号:I712.84/1075
 
预约/预借
| 序号 | 登录号 | 条形码 | 馆藏地/架位号 | 状态 | 备注 |
| 1 | 1112651 | 211126510 | 第一样本阅览室/ [索取号:I712.84/1075] | 在馆 | |
| 2 | 1112652 | 211126529 | 教育系资料室/ [索取号:I712.84/1075] | 在馆 | |
| 3 | 1112653 | 211126538 | 教育系资料室/ [索取号:I712.84/1075] | 在馆 | |
| 4 | 1112654 | 211126547 | 第二借阅区/ [索取号:I712.84/1075] |
已借出,限还日期为2022.10.03 借出人:李娜 |